Normal view
MARC view
Entry Término temático
001 - NÚMERO DE CONTROL
- campo de control: 702
003 - IDENTIFICADOR DE NÚMERO DE CONTROL
- campo de control: AR-CcCEOS
005 - FECHA Y HORA DE LA ÚLTIMA TRANSACCIÓN
- campo de control: 20260302091557.0
008 - ELEMENTOS DE DATO DE LONGITUD-FIJA
- campo de control de longitud fija: 260302|| aca||babn | a|a d
040 ## - FUENTE DE CATALOGACIÓN
- Centro catalogador/agencia de origen: AR-CcCEOS
150 ## - ENCABEZAMIENTO--TÉRMINO DE MATERIA
- Término de materia o nombre geográfico como elemento de entrada: literatura argentina
- Término de materia que sigue a un nombre geográfico como elemento de entrada: novela